Normal view
MARC view
Entry Personal Name
001 - CONTROL NUMBER
- control field: 1236755
003 - CONTROL NUMBER IDENTIFIER
- control field: OSt
005 - DATE AND TIME OF LATEST TRANSACTION
- control field: 20260430150208.0
008 - FIXED-LENGTH DATA ELEMENTS
- fixed length control field: 260430|| aca||aabn | a|a d
040 ## - CATALOGING SOURCE
- Original cataloging agency: OSt
- Transcribing agency: OSt
100 ## - HEADING--PERSONAL NAME
- Personal name: Parveen Seema Au.; Goel Shailendra Gu
670 ## - SOURCE DATA FOUND
- Source citation: Work cat.: (OSt)1849186: Parveen Seema Au.; Goel Shailendra Gu., Analysis of genetic diversity, niche modelling and transcriptome of endosperm developmental stages in genus Nymphaea: An import water lily from ANA grade with diploid endosperm, 2022
